000 00493nam a2200157Ia 4500
003 GCL
008 140319s9999 xx 000 0 ara d
040 _aGCL /
_cGCL
082 0 4 _a016.398
_bم م
100 1 _aمحمد الجوهرى
245 1 0 _aمصادر دراسة الفولكلور العربى /
_cمحمد الجوهرى
300 _a712 ص ؛
_c24 سم
650 0 4 _aالفولكلور العربى
650 0 4 _aالببليوجرافيات - الموضوعية
942 _2ddc
_cBK
999 _c1063
_d1063